[Event "XXIII Festival A"]
[Site "Porto San Giorgio ITA"]
[Date "2011.08.26"]
[Round "7"]
[White "Gilevych, Artem"]
[Black "Mandolini, Riccardo"]
[Result "1-0"]
[WhiteElo "2264"]
[BlackElo "2119"]
[PlyCount "77"]
[EventDate "2011.08.21"]

1. d4 d5 2. Nf3 Nf6 3. c4 c6 4. Nc3 a6 5. a4 e6 6. Bg5 Be7 7. e3 a5 8. Be2 O-O
9. O-O b6 10. Ne5 Bb7 11. Rc1 Na6 12. cxd5 exd5 13. Bd3 Nb4 14. Bf5 Bc8 15. Bb1
Ba6 16. Re1 g6 17. Qf3 Rc8 18. Bh6 Re8 19. Rcd1 Rc7 20. g4 Bf8 21. Bg5 Bg7 22.
Qf4 Re6 23. h4 Qd6 24. Qf3 Rce7 25. h5 Re8 26. Kh1 Qf8 27. Qh3 Bc8 28. Rg1 Nd7
29. Nxd7 Bxd7 30. h6 Bf6 31. Bf4 Bd8 32. Be5 f6 33. Bf4 Kh8 34. Rg2 Qf7 35. Bf5
gxf5 36. gxf5 Rg8 37. Rxg8+ Qxg8 38. Rg1 Qe8 39. fxe6 1-0

[Event "XXIII Festival A"]
[Site "Porto San Giorgio ITA"]
[Date "2011.08.26"]
[Round "7"]
[White "Giobbi, Costantino"]
[Black "Spano' Cuomo, Gaetano"]
[Result "1-0"]
[WhiteElo "1878"]
[BlackElo "1805"]
[PlyCount "50"]
[EventDate "2011.08.21"]

1. d4 e6 2. e4 d5 3. Nc3 Nf6 4. e5 Nfd7 5. f4 g6 6. Nf3 Bg7 7. Be3 Nc6 8. Qd2
Ne7 9. O-O-O c6 10. g4 h5 11. gxh5 Rxh5 12. Bd3 b5 13. Rhg1 b4 14. Ne2 Qa5 15.
Kb1 Ba6 16. Bxa6 Qxa6 17. Ng3 Rh8 18. h4 Nf5 19. Nxf5 exf5 20. e6 fxe6 21. Rxg6
Kf7 22. Rdg1 Bf6 23. Ne5+ Bxe5 24. fxe5 Rag8 25. Qg2 Qc8 1-0

[Event "XXIII Festival A"]
[Site "Porto San Giorgio ITA"]
[Date "2011.08.26"]
[Round "7"]
[White "Guglielmi, Dante"]
[Black "Ottaviani, Gianluca"]
[Result "0-1"]
[WhiteElo "1878"]
[BlackElo "1949"]
[PlyCount "58"]
[EventDate "2011.08.21"]

1. c4 e6 2. Nf3 d5 3. e3 Nf6 4. b3 c5 5. Bb2 Nc6 6. Be2 Be7 7. d4 O-O 8. O-O b6
9. Nc3 Bb7 10. dxc5 bxc5 11. cxd5 exd5 12. Qc2 Qb8 13. Rac1 Rd8 14. Rfd1 d4 15.
exd4 cxd4 16. Nb5 Nb4 17. Qb1 Be4 18. Qa1 d3 19. Bf1 Qxb5 20. Rc4 Nc2 21. Qc1
Qf5 22. Nh4 Qe6 23. Qf4 Bd6 24. Qg5 h6 25. Qa5 Bh7 26. Qc3 Rab8 27. Bxd3 Bxd3
28. Rxd3 Bb4 29. Rxb4 Nxb4 0-1

[Event "XXIII Festival A"]
[Site "Porto San Giorgio ITA"]
[Date "2011.08.26"]
[Round "7"]
[White "Korneev, Oleg"]
[Black "Martinez, Rolly"]
[Result "1/2-1/2"]
[WhiteElo "2588"]
[BlackElo "2419"]
[PlyCount "150"]
[EventDate "2011.08.21"]

1. e4 c5 2. Nf3 e6 3. d4 cxd4 4. Nxd4 Nf6 5. Nc3 d6 6. Be3 Be7 7. f3 Nc6 8. Qd2
O-O 9. g4 Nxd4 10. Bxd4 e5 11. Be3 Be6 12. O-O-O Qa5 13. Kb1 Rfc8 14. a3 a6 15.
h4 Rc6 16. h5 Rac8 17. Nd5 Qxd2 18. Nxe7+ Kf8 19. Rxd2 Kxe7 20. h6 Rg8 21. hxg7
Rxg7 22. Rdh2 Rc8 23. g5 Nd7 24. Rxh7 Rxh7 25. Rxh7 Rg8 26. Kc1 Nf8 27. Rh2 Bd7
28. Kd2 Ne6 29. Rh5 Ng7 30. Rh7 Ne6 31. Bc4 Be8 32. Rh5 Ng7 33. Rh7 Ne6 34. Rh5
Ng7 35. Rh6 Ne6 36. Bxe6 fxe6 37. Rh7+ Bf7 38. c4 Kf8 39. Kc3 Rg7 40. Rh8+ Rg8
41. Rh7 Rg7 42. Rh6 Ke7 43. Rh8 d5 44. Rb8 d4+ 45. Kd3 dxe3 46. Rxb7+ Kf8 47.
Ra7 Rxg5 48. Kxe3 Rg2 49. b4 Rb2 50. Rxa6 Rb3+ 51. Kd2 Bh5 52. Rxe6 Bf7 53.
Rxe5 Bxc4 54. Rc5 Bf1 55. Rc3 Rb2+ 56. Ke3 Ke7 57. f4 Kd6 58. f5 Bb5 59. e5+
Kd7 60. Rc5 Rb3+ 61. Kf4 Bc6 62. Ra5 Rf3+ 63. Kg5 Be4 64. e6+ Ke7 65. a4 Bc2
66. Ra7+ Kd6 67. Rd7+ Ke5 68. e7 Rxf5+ 69. Kh6 Rf6+ 70. Kg7 Rg6+ 71. Kf7 Rf6+
72. Kg7 Rg6+ 73. Kf7 Rf6+ 74. Kg7 Rg6+ 75. Kf7 Rf6+ 1/2-1/2

[Event "XXIII Festival A"]
[Site "Porto San Giorgio ITA"]
[Date "2011.08.26"]
[Round "7"]
[White "Lapenna, Antonio"]
[Black "Cantoro, Daniele"]
[Result "1/2-1/2"]
[WhiteElo "2150"]
[BlackElo "1999"]
[PlyCount "91"]
[EventDate "2011.08.21"]

1. d4 d5 2. Nf3 Nc6 3. g3 Bg4 4. Bg2 Bxf3 5. Bxf3 Nf6 6. O-O e5 7. dxe5 Nxe5 8.
Bg2 c6 9. Nd2 Bc5 10. Nf3 Nxf3+ 11. Bxf3 O-O 12. b3 Re8 13. Bb2 Ne4 14. e3 Qe7
15. Bd4 Bxd4 16. Qxd4 Qe5 17. Rfd1 Qf5 18. Kg2 Ng5 19. Qg4 Qxf3+ 20. Qxf3 Nxf3
21. Kxf3 Kf8 22. Rd4 Ke7 23. Rad1 Red8 24. h4 Ke6 25. c4 Rd6 26. e4 dxe4+ 27.
Rxe4+ Kd7 28. Rde1 Rf6+ 29. Kg2 Rd8 30. R1e2 Kc7 31. c5 Rf5 32. Re7+ Rd7 33. b4
Rfd5 34. Kf3 b6 35. cxb6+ axb6 36. Re8 Rd8 37. Rxd8 Kxd8 38. a4 Rd4 39. Rb2
Rd3+ 40. Kg2 Ra3 41. Rd2+ Ke7 42. Re2+ Kd6 43. Rd2+ Ke6 44. Rc2 Kd6 45. Rd2+
Ke6 46. Rc2 1/2-1/2

[Event "XXIII Festival A"]
[Site "Porto San Giorgio ITA"]
[Date "2011.08.26"]
[Round "7"]
[White "Lapenna, Michelangelo"]
[Black "Caldarola, Stefano"]
[Result "1-0"]
[WhiteElo "1888"]
[BlackElo "1809"]
[PlyCount "143"]
[EventDate "2011.08.21"]

1. d4 Nf6 2. Nf3 e6 3. c4 Bb4+ 4. Nbd2 O-O 5. a3 Bxd2+ 6. Bxd2 a5 7. b4 Ne4 8.
e3 Nc6 9. b5 Ne7 10. Bd3 Nxd2 11. Nxd2 f5 12. O-O b6 13. Be2 Bb7 14. Bf3 Bxf3
15. Qxf3 Rf6 16. Rfd1 Qf8 17. Nf1 g5 18. Qb7 Qc8 19. Qf3 Qf8 20. d5 e5 21. Qg3
d6 22. Qxg5+ Rg6 23. Qh5 Qf7 24. Qf3 e4 25. Qe2 h5 26. Kh1 Rg5 27. Nd2 Qg6 28.
Rg1 Rf8 29. g3 Kf7 30. Nb3 Rg8 31. Nd4 Qh6 32. Ne6 Rg4 33. f3 exf3 34. Qxf3 Qg6
35. Nd4 Ke8 36. Raf1 h4 37. Ne2 hxg3 38. Rxg3 Rxg3 39. Nxg3 Kd8 40. Qf4 Qg7 41.
e4 fxe4 42. Qxe4 Ng6 43. Qe6 Re8 44. Qg4 Qh7 45. Ne4 Qh4 46. Qxh4+ Nxh4 47. Ng5
Re3 48. Ne6+ Kd7 49. Kg1 Rxa3 50. Rf7+ Ke8 51. Rxc7 Ra2 52. Rc6 Nf3+ 53. Kf1
Ne5 54. Rxb6 Nxc4 55. Rb8+ Kd7 56. b6 Ne3+ 57. Kg1 Nxd5 58. b7 Rb2 59. Rd8+
Kxe6 60. b8=Q Rxb8 61. Rxb8 a4 62. Ra8 Nc3 63. Rc8 Nb5 64. Ra8 Nc3 65. h4 d5
66. h5 Ne2+ 67. Kf2 Nf4 68. h6 Nh3+ 69. Ke3 Ng5 70. Rg8 Nf7 71. h7 a3 72. h8=Q
1-0

[Event "XXIII Festival A"]
[Site "Porto San Giorgio ITA"]
[Date "2011.08.26"]
[Round "7"]
[White "Madiai, Federico"]
[Black "Tribuiani, Renato"]
[Result "1/2-1/2"]
[WhiteElo "2195"]
[BlackElo "2029"]
[PlyCount "54"]
[EventDate "2011.08.21"]

1. e4 Nc6 2. Nf3 e5 3. Bb5 d6 4. O-O Bd7 5. Re1 Nge7 6. c3 Ng6 7. d4 Be7 8. d5
Nb8 9. Qb3 Qc8 10. Bxd7+ Nxd7 11. c4 O-O 12. Qc2 Nf6 13. Nc3 Nh5 14. Ne2 f5 15.
exf5 Rxf5 16. Ng3 Nxg3 17. hxg3 Qd7 18. Be3 b6 19. b4 Raf8 20. Rad1 Rxf3 21.
gxf3 Qh3 22. Qe4 Nh4 23. gxh4 Rxf3 24. Rd3 Bxh4 25. Red1 Bg3 26. Qxf3 Bh2+ 27.
Kh1 Bg3+ 1/2-1/2

[Event "XXIII Festival A"]
[Site "Porto San Giorgio ITA"]
[Date "2011.08.26"]
[Round "7"]
[White "Marcugini, Stefano"]
[Black "Maddaloni, Giovanni"]
[Result "1/2-1/2"]
[WhiteElo "1824"]
[BlackElo "1801"]
[PlyCount "75"]
[EventDate "2011.08.21"]

1. e4 c5 2. Nf3 Nf6 3. Nc3 d6 4. d4 cxd4 5. Nxd4 g6 6. f3 a6 7. Be3 b5 8. Qd2
Bb7 9. Bd3 Nbd7 10. a3 Bg7 11. O-O Rc8 12. Nde2 Ne5 13. Bh6 O-O 14. Kh1 Nc4 15.
Bxc4 Rxc4 16. Bxg7 Kxg7 17. Rad1 Qc7 18. Rc1 h5 19. Rfd1 Rc8 20. Nf4 Rxc3 21.
bxc3 Qxc3 22. Qxc3 Rxc3 23. Rd3 Rc5 24. Rb3 d5 25. exd5 Nxd5 26. Nd3 Rc7 27. a4
Nc3 28. axb5 axb5 29. Re1 e6 30. Kg1 h4 31. Re5 Bd5 32. Rb4 f5 33. Re1 g5 34.
Ra1 Ne2+ 35. Kf2 Rxc2 36. Rb2 Rxb2 37. Nxb2 Nc3 38. Ke3 1/2-1/2

[Event "XXIII Festival A"]
[Site "Porto San Giorgio ITA"]
[Date "2011.08.26"]
[Round "7"]
[White "Marinone, Lucio"]
[Black "Boscolo, Marco"]
[Result "0-1"]
[WhiteElo "2002"]
[BlackElo "2166"]
[PlyCount "110"]
[EventDate "2011.08.21"]

1. d4 Nf6 2. c4 e6 3. Nc3 Bb4 4. Qc2 Nc6 5. Nf3 Qe7 6. Bg5 h6 7. Bd2 d6 8. a3
Bxc3 9. Bxc3 e5 10. d5 Nb8 11. e4 O-O 12. Be2 Nh7 13. O-O-O f5 14. Nd2 fxe4 15.
Nxe4 Bf5 16. Bd3 Ng5 17. Nxg5 Qxg5+ 18. Bd2 Qg6 19. Bxf5 Qxf5 20. Be3 Qxc2+ 21.
Kxc2 Nd7 22. Rhg1 Kh7 23. g4 g6 24. h4 Rf3 25. Kd3 Raf8 26. Ke2 a6 27. b4 Rh3
28. Rh1 Rxh1 29. Rxh1 Nf6 30. Rg1 Kg7 31. f3 Ra8 32. Kd3 a5 33. Bxh6+ Kxh6 34.
g5+ Kg7 35. gxf6+ Kxf6 36. Ke4 axb4 37. axb4 Ra3 38. Rb1 Rc3 39. c5 Rc4+ 40.
Ke3 Rd4 41. cxd6 cxd6 42. b5 Kf5 43. b6 Rxd5 44. Rb4 Ra5 45. Ke2 d5 46. Ke3
Ra3+ 47. Ke2 Rc3 48. Rb5 Ke6 49. Rb4 Rc4 50. Rxc4 dxc4 51. Kd2 Kf5 52. Kc3 Kf4
53. Kxc4 Kxf3 54. Kd5 e4 55. Kd6 e3 0-1

[Event "XXIII Festival A"]
[Site "Porto San Giorgio ITA"]
[Date "2011.08.26"]
[Round "7"]
[White "Mazzarella, Antonio"]
[Black "Borino, Paolo"]
[Result "1-0"]
[WhiteElo "2028"]
[BlackElo "1917"]
[PlyCount "91"]
[EventDate "2011.08.21"]

1. e4 d6 2. d4 Nf6 3. Nc3 c6 4. f4 Qa5 5. Bd3 Bg4 6. Nf3 Nbd7 7. O-O e5 8. Ne2
Be7 9. c3 O-O 10. h3 Bxf3 11. Rxf3 c5 12. fxe5 dxe5 13. d5 c4 14. Bc2 b5 15.
Be3 Bc5 16. Qd2 Qb6 17. Ng3 a5 18. Bxc5 Qxc5+ 19. Kh1 b4 20. Nf5 bxc3 21. Rxc3
Qb4 22. Qg5 g6 23. Rb1 Kh8 24. Nh6 Ra6 25. Ng4 Nxg4 26. hxg4 f6 27. Qe3 Kg7 28.
Qe2 Re8 29. Bb3 Nb6 30. Rbc1 Ra7 31. Bxc4 Rc7 32. b3 a4 33. Qd3 axb3 34. axb3
Nd7 35. d6 Rc6 36. Rd1 Nc5 37. Qe3 Ne6 38. d7 Rd8 39. Rcd3 Nd4 40. Rxd4 exd4
41. Qxd4 Qe7 42. g5 Rc7 43. gxf6+ Qxf6 44. e5 Qe7 45. e6+ Kh6 46. Qf4+ 1-0

[Event "XXIII Festival A"]
[Site "Porto San Giorgio ITA"]
[Date "2011.08.26"]
[Round "7"]
[White "Miandro, Steven"]
[Black "Bisi, Samuele"]
[Result "1/2-1/2"]
[WhiteElo "1834"]
[BlackElo "1977"]
[PlyCount "45"]
[EventDate "2011.08.21"]

1. d4 Nf6 2. c4 e6 3. Nc3 Bb4 4. Nf3 c5 5. g3 O-O 6. Bg2 cxd4 7. Nxd4 Bxc3+ 8.
bxc3 d5 9. cxd5 exd5 10. O-O Nbd7 11. Ba3 Re8 12. Nf5 Nc5 13. Nxg7 Kxg7 14.
Bxc5 Bf5 15. Bd4 Be4 16. Bxe4 dxe4 17. e3 Kg8 18. Qb3 b6 19. Rad1 Qe7 20. Rd2
Rad8 21. c4 Qe6 22. Kg2 Qf5 23. Qd1 1/2-1/2

[Event "XXIII Festival A"]
[Site "Porto San Giorgio ITA"]
[Date "2011.08.26"]
[Round "7"]
[White "Mircoli, Filippo"]
[Black "Tazzioli, Luca"]
[Result "0-1"]
[WhiteElo "1759"]
[BlackElo "1838"]
[PlyCount "109"]
[EventDate "2011.08.21"]

1. e4 d5 2. exd5 Qxd5 3. Nc3 Qa5 4. d4 c6 5. Bd2 Nf6 6. Nf3 Bf5 7. Bc4 e6 8.
O-O Qc7 9. Ne5 Bd6 10. f4 O-O 11. a4 Nbd7 12. Be2 Qb6 13. Be3 Bxe5 14. fxe5
Nxe5 15. Qc1 Neg4 16. a5 Qc7 17. Bf4 Qd8 18. Ra4 Nd5 19. h3 Nxf4 20. Rxf4 Nf6
21. g4 Bg6 22. Qe1 Qd6 23. Qf1 Bxc2 24. g5 Nd5 25. Nxd5 Qxd5 26. Rb4 Qxg5+ 27.
Rg4 Qe3+ 28. Kh2 Rab8 29. Rc4 Bf5 30. Rc3 Qh6 31. Rg1 Rbd8 32. Qf2 Rd5 33. b4
e5 34. Rgg3 Bg6 35. dxe5 Rxe5 36. Bc4 Qh4 37. Bd3 Rg5 38. Bxg6 Rxg6 39. Qxa7
Rxg3 40. Rxg3 Qxb4 41. Rg4 Qd2+ 42. Rg2 Qf4+ 43. Kh1 Re8 44. Qg1 g6 45. Rf2
Qe4+ 46. Kh2 Qe5+ 47. Qg3 Qxg3+ 48. Kxg3 Re3+ 49. Kg4 h5+ 50. Kh4 Kg7 51. Rb2
Kh6 52. Rg2 f6 53. Rxg6+ Kxg6 54. a6 Re4+ 55. Kg3 0-1

[Event "XXIII Festival A"]
[Site "Porto San Giorgio ITA"]
[Date "2011.08.26"]
[Round "7"]
[White "Mogranzini, Roberto"]
[Black "Palit, Somak"]
[Result "1/2-1/2"]
[WhiteElo "2433"]
[BlackElo "2372"]
[PlyCount "44"]
[EventDate "2011.08.21"]

1. c4 b6 2. Nc3 Bb7 3. e4 e6 4. Nge2 c5 5. g3 Nc6 6. Bg2 d6 7. O-O Nge7 8. d3
g6 9. d4 Bg7 10. d5 Nd4 11. f4 O-O 12. Nxd4 Bxd4+ 13. Kh1 exd5 14. exd5 Re8 15.
Qd3 Nf5 16. Be4 Bc8 17. Bd2 Nh6 18. Rae1 Bh3 19. Bg2 Bf5 20. Qf3 Bg4 21. Qd3
Bf5 22. Qf3 Bg4 1/2-1/2

[Event "XXIII Festival A"]
[Site "Porto San Giorgio ITA"]
[Date "2011.08.26"]
[Round "7"]
[White "Morello, Guido"]
[Black "Del Nevo, Claudio"]
[Result "1-0"]
[WhiteElo "1942"]
[BlackElo "1831"]
[PlyCount "57"]
[EventDate "2011.08.21"]

1. e4 d6 2. d4 Nf6 3. Nc3 c6 4. f4 g6 5. Bd3 Bg7 6. Nf3 O-O 7. e5 dxe5 8. fxe5
Nd5 9. Nxd5 cxd5 10. Be3 b5 11. Qd2 a6 12. Bh6 Bg4 13. Bxg7 Kxg7 14. h3 Bxf3
15. gxf3 f6 16. f4 fxe5 17. dxe5 e6 18. h4 Nd7 19. h5 Nc5 20. hxg6 Nxd3+ 21.
Qxd3 hxg6 22. O-O-O Rxf4 23. Rdg1 Qe8 24. Qh3 Rf5 25. Qh6+ Kf7 26. Qxg6+ Ke7
27. Rh7+ Kd8 28. Qxe8+ Kxe8 29. Rg8+ 1-0

[Event "XXIII Festival A"]
[Site "Porto San Giorgio ITA"]
[Date "2011.08.26"]
[Round "7"]
[White "Moroni, Luca jr"]
[Black "Plances, Giuseppe"]
[Result "1/2-1/2"]
[WhiteElo "1964"]
[BlackElo "1734"]
[PlyCount "86"]
[EventDate "2011.08.21"]

1. e4 d5 2. exd5 Nf6 3. d4 Qxd5 4. Nc3 Qd8 5. Bc4 Bg4 6. Nge2 e6 7. Bf4 Bd6 8.
Bxd6 Qxd6 9. f3 Bh5 10. O-O Qb4 11. Bb3 Nc6 12. a3 Qd6 13. Qd2 O-O-O 14. Rad1
e5 15. Nb5 Qe7 16. Qe3 a6 17. Nbc3 exd4 18. Qxe7 Nxe7 19. Nxd4 Bg6 20. Nde2 Nf5
21. Kf2 Rhe8 22. Rxd8+ Rxd8 23. Rd1 Rxd1 24. Nxd1 Nd6 25. Ne3 h6 26. c3 Kd7 27.
Nf4 Bh7 28. Ned5 Nxd5 29. Bxd5 c6 30. Bb3 g5 31. Ne2 Bg6 32. f4 Ne4+ 33. Ke3
Nc5 34. Ba2 Na4 35. b3 Nb6 36. b4 Kd6 37. Kd4 Nd7 38. g4 Bc2 39. fxg5 hxg5 40.
Bxf7 Ne5 41. Bh5 Nf3+ 42. Ke3 Nxh2 43. Ng3 Ke5 1/2-1/2

[Event "XXIII Festival A"]
[Site "Porto San Giorgio ITA"]
[Date "2011.08.26"]
[Round "7"]
[White "Paduano, Gennaro"]
[Black "Bardone, Lorenzo"]
[Result "1/2-1/2"]
[WhiteElo "1859"]
[BlackElo "1775"]
[PlyCount "94"]
[EventDate "2011.08.21"]

1. e4 c5 2. Nc3 e6 3. f4 d5 4. Nf3 d4 5. Ne2 Nc6 6. Ng3 Nf6 7. Bb5 Bd7 8. Bxc6
Bxc6 9. d3 Be7 10. O-O O-O 11. f5 exf5 12. Nxf5 Bd7 13. Nxe7+ Qxe7 14. Bg5 h6
15. Bh4 Qe6 16. Bxf6 Qxf6 17. Qe1 Qb6 18. Rb1 Be6 19. b3 Qc7 20. a4 a6 21. Rf2
b5 22. axb5 axb5 23. b4 Ra2 24. bxc5 Qxc5 25. Qb4 Rxc2 26. Qxc5 Rxc5 27. Nxd4
Rd8 28. Nxe6 fxe6 29. Rd2 Rc3 30. Rxb5 Rcxd3 31. Re2 Rf8 32. h3 Rf6 33. Rb7 Rf7
34. Rb8+ Rf8 35. Rb6 Rf6 36. Rb5 Rc3 37. Kh2 Rd3 38. h4 Rf4 39. Rb8+ Kf7 40.
Rb7+ Kg8 41. g3 Rg4 42. Re7 Rgxg3 43. Rxe6 Rh3+ 44. Kg2 Rxh4 45. Ra6 Rg4+ 46.
Kf2 Rf4+ 47. Ke1 Rd4 1/2-1/2

[Event "XXIII Festival A"]
[Site "Porto San Giorgio ITA"]
[Date "2011.08.26"]
[Round "7"]
[White "Papa, Angelo"]
[Black "Ramundi, Lorenzo"]
[Result "1/2-1/2"]
[WhiteElo "1848"]
[BlackElo "1617"]
[PlyCount "96"]
[EventDate "2011.08.21"]

1. d4 c5 2. d5 e5 3. e4 d6 4. Nc3 Nf6 5. h4 Be7 6. Nf3 O-O 7. Be2 Nbd7 8. Nd2
Ne8 9. O-O g6 10. Nc4 f5 11. f4 exf4 12. Bxf4 Nb6 13. e5 dxe5 14. Bxe5 Bd6 15.
Nxd6 Nxd6 16. b3 Re8 17. Bxd6 Qxd6 18. Nb5 Qe5 19. Bf3 a6 20. Na3 Qd6 21. c4
Bd7 22. Re1 a5 23. Nc2 a4 24. Rxe8+ Rxe8 25. Qd2 Nc8 26. Re1 Rxe1+ 27. Qxe1 b5
28. Qe3 axb3 29. axb3 bxc4 30. bxc4 Qe7 31. Qxe7 Nxe7 32. Kf2 Kf7 33. Ke3 Kf6
34. Ne1 Ke5 35. Nd3+ Kd6 36. Kf4 h6 37. g4 Be8 38. Bd1 Nc8 39. h5 gxh5 40. Kxf5
h4 41. Nf2 Ne7+ 42. Kf6 Nxd5+ 43. cxd5 Kxd5 44. Bf3+ Kd4 45. Kf5 Bd7+ 46. Kf4
c4 47. Nd1 c3 48. Nxc3 Kxc3 1/2-1/2

[Event "XXIII Festival A"]
[Site "Porto San Giorgio ITA"]
[Date "2011.08.26"]
[Round "7"]
[White "Pascucci, Marco"]
[Black "Foglia, Maurizio"]
[Result "1-0"]
[WhiteElo "2091"]
[BlackElo "2213"]
[PlyCount "75"]
[EventDate "2011.08.21"]

1. Nf3 Nf6 2. g3 d5 3. Bg2 g6 4. O-O Bg7 5. d3 O-O 6. Nbd2 c6 7. e4 e6 8. e5
Nfd7 9. d4 c5 10. c3 Nc6 11. Nb3 cxd4 12. cxd4 a5 13. Bg5 Qb6 14. Qd2 a4 15.
Nc1 f6 16. exf6 Nxf6 17. Bxf6 Bxf6 18. Ne2 Bd7 19. Rfe1 Bg7 20. Rab1 Rf5 21. b3
a3 22. Nh4 Rf7 23. Rbd1 Rc8 24. f4 Nb4 25. Rc1 Rxc1 26. Rxc1 e5 27. fxe5 Bxe5
28. Kh1 Bg7 29. Nf3 Bf5 30. Nf4 Be4 31. Ng5 Bxg2+ 32. Kxg2 Rf8 33. Nfe6 Re8 34.
Qf4 Kh8 35. Qf7 Rg8 36. Qxg8+ Kxg8 37. Rc8+ Bf8 38. Rxf8# 1-0

[Event "XXIII Festival A"]
[Site "Porto San Giorgio ITA"]
[Date "2011.08.26"]
[Round "7"]
[White "Pepe, Mario"]
[Black "Zinnai, Graziano Matteo"]
[Result "1-0"]
[WhiteElo "1999"]
[BlackElo "1882"]
[PlyCount "93"]
[EventDate "2011.08.21"]

1. e4 c6 2. d4 d5 3. e5 Bf5 4. h4 h5 5. Nf3 e6 6. Bd3 Bxd3 7. Qxd3 Nd7 8. Bg5
Qb6 9. Nbd2 Ne7 10. O-O c5 11. c3 Nc6 12. Rfe1 Be7 13. c4 cxd4 14. Bxe7 Nxe7
15. cxd5 Nxd5 16. Nc4 Qc7 17. Nd6+ Kf8 18. Qxd4 Qc5 19. Qe4 N7f6 20. Qe2 Ng4
21. Rac1 Qb6 22. Ng5 Ke7 23. Ndxf7 Rhf8 24. Qf3 Qxf2+ 25. Qxf2 Nxf2 26. Kxf2
Rxf7+ 27. Nxf7 Kxf7 28. Kg3 Ke7 29. a3 a6 30. Rf1 Rd8 31. Rf3 Rf8 32. Rxf8 Kxf8
33. Rc8+ Kf7 34. Kf3 a5 35. Rd8 b6 36. Ke4 Ne7 37. Rd7 Kf8 38. Rd6 Nf5 39. Rxe6
Nxh4 40. g3 Kf7 41. Rxb6 Ng6 42. e6+ Ke7 43. Kf5 h4 44. Rb7+ Kd6 45. Rd7+ Kc6
46. Kxg6 hxg3 47. Rxg7 1-0

[Event "XXIII Festival A"]
[Site "Porto San Giorgio ITA"]
[Date "2011.08.26"]
[Round "7"]
[White "Peron, Davide"]
[Black "Iaconi, Andrea"]
[Result "0-1"]
[WhiteElo "1850"]
[BlackElo "1832"]
[PlyCount "94"]
[EventDate "2011.08.21"]

1. e4 c5 2. Nf3 Nc6 3. Bb5 d6 4. O-O Bd7 5. c3 e6 6. Re1 Be7 7. Na3 Nf6 8. d4
cxd4 9. cxd4 O-O 10. b3 a6 11. Bf1 Rc8 12. Bb2 b5 13. Nc2 Qb6 14. d5 Na5 15.
Bd4 Qd8 16. Nb4 e5 17. Bb2 Qb6 18. h3 Nb7 19. Nd3 Nc5 20. Nxc5 Rxc5 21. Bd3
Rfc8 22. Qd2 b4 23. a3 a5 24. a4 Nh5 25. Qe3 Nf4 26. Bc4 Qc7 27. Rac1 Qb7 28.
g3 Ng6 29. Kh2 Bxa4 30. Qd3 Qa7 31. Rc2 Rxc4 32. bxc4 Bxc2 33. Qxc2 Qc5 34. Rc1
a4 35. Kg2 b3 36. Qc3 a3 37. Qxb3 axb2 38. Qxb2 Bd8 39. Rc2 Bb6 40. Qa2 Qc7 41.
Qa6 Bc5 42. Rb2 Rb8 43. Ra2 h6 44. h4 Ne7 45. g4 Ng6 46. Qa4 Nf4+ 47. Kg3 Qb6
0-1

[Event "XXIII Festival A"]
[Site "Porto San Giorgio ITA"]
[Date "2011.08.26"]
[Round "7"]
[White "Pescatore, Lorenzo"]
[Black "Saptarshi, Roy"]
[Result "0-1"]
[WhiteElo "2121"]
[BlackElo "2385"]
[PlyCount "74"]
[EventDate "2011.08.21"]

1. e4 c5 2. c3 Qa5 3. Nf3 d6 4. Bc4 Nc6 5. O-O Nf6 6. Re1 b5 7. Bd5 Bd7 8. d4
cxd4 9. Nxd4 Rc8 10. Bxc6 Bxc6 11. e5 dxe5 12. Nxc6 Rxc6 13. Rxe5 e6 14. Qf3
Qa6 15. Be3 Nd7 16. Re4 Nf6 17. Re5 Nd7 18. Re4 Be7 19. Bd4 O-O 20. Nd2 f6 21.
Re2 Rf7 22. a3 Rc8 23. Qh3 Nf8 24. Rae1 e5 25. Bxa7 Bxa3 26. Nb1 Bd6 27. Be3 f5
28. f3 Ng6 29. Rd2 Rc4 30. Red1 Bf8 31. g3 f4 32. gxf4 Nxf4 33. Bxf4 Rcxf4 34.
Kg2 e4 35. fxe4 Qg6+ 36. Kh1 Qxe4+ 37. Qg2 Rf1+ 0-1

[Event "XXIII Festival A"]
[Site "Porto San Giorgio ITA"]
[Date "2011.08.26"]
[Round "7"]
[White "Piccinini, Samuele"]
[Black "Proietti, Tosca"]
[Result "1/2-1/2"]
[WhiteElo "1903"]
[BlackElo "1821"]
[PlyCount "63"]
[EventDate "2011.08.21"]

1. d4 Nf6 2. c4 g6 3. Nc3 Bg7 4. e4 d6 5. Be2 O-O 6. Nf3 e5 7. d5 a5 8. O-O Na6
9. Ne1 Nc5 10. f3 Nh5 11. Nd3 Nxd3 12. Bxd3 Nf4 13. Rf2 Nxd3 14. Qxd3 f5 15.
Rc2 b6 16. Be3 Bd7 17. Rac1 Rc8 18. Nb5 f4 19. Bf2 g5 20. b3 g4 21. a3 Rf7 22.
b4 axb4 23. axb4 Bf6 24. c5 Bxb5 25. Qxb5 bxc5 26. bxc5 gxf3 27. gxf3 Rb8 28.
Qa6 Bh4 29. Bxh4 Qxh4 30. cxd6 Rg7+ 31. Kh1 Qh3 32. Qf1 1/2-1/2

[Event "XXIII Festival A"]
[Site "Porto San Giorgio ITA"]
[Date "2011.08.26"]
[Round "7"]
[White "Pienabarca, Nicola"]
[Black "Chiarion, Elisa"]
[Result "1-0"]
[WhiteElo "2110"]
[BlackElo "1964"]
[PlyCount "89"]
[EventDate "2011.08.21"]

1. d4 d5 2. Nf3 c6 3. c4 e6 4. g3 Nf6 5. Nc3 Bb4 6. Bg2 Ne4 7. Qc2 O-O 8. O-O
Bxc3 9. bxc3 Qa5 10. Bb2 Nd7 11. cxd5 cxd5 12. c4 Nb6 13. cxd5 exd5 14. Rfc1
Bf5 15. Bc3 Qa6 16. Nh4 Rac8 17. Nxf5 Rxc3 18. Qd1 Na4 19. Ne7+ Kh8 20. Nxd5
Rxc1 21. Rxc1 Nd6 22. e4 Rd8 23. Bf1 Qa5 24. Qe1 Qxe1 25. Rxe1 h6 26. Bd3 Nb2
27. Bc2 Ndc4 28. Bb3 Nd2 29. Re2 Nxb3 30. Rxb2 Na5 31. Rc2 Nc6 32. Rc4 Rd7 33.
a4 Kg8 34. f3 f5 35. Kf2 fxe4 36. fxe4 Rf7+ 37. Ke2 Kf8 38. Nf4 g5 39. Ne6+ Ke7
40. d5 Ne5 41. Rb4 Ke8 42. Nd4 Rd7 43. Nf5 Nf7 44. Ke3 Rc7 45. Kd4 1-0

[Event "XXIII Festival A"]
[Site "Porto San Giorgio ITA"]
[Date "2011.08.26"]
[Round "7"]
[White "Piro, Valerio"]
[Black "Cipollaro, Giovanni"]
[Result "1/2-1/2"]
[WhiteElo "2008"]
[BlackElo "1866"]
[PlyCount "77"]
[EventDate "2011.08.21"]

1. e4 d6 2. d4 Nf6 3. Nc3 e5 4. dxe5 dxe5 5. Qxd8+ Kxd8 6. Bg5 Be6 7. O-O-O+
Nbd7 8. a3 Bc5 9. f3 c6 10. Nge2 Kc7 11. Na4 Bd6 12. Be3 b5 13. Nac3 a5 14. Nb1
Rhc8 15. b3 a4 16. b4 Nb6 17. Nd2 Nc4 18. Nxc4 Bxc4 19. Ng3 Bxf1 20. Rhxf1 g6
21. Rd3 Rd8 22. Rfd1 Be7 23. Ne2 Rxd3 24. cxd3 Nd7 25. d4 exd4 26. Nxd4 Ne5 27.
Bf4 Bd6 28. Nc2 Nd3+ 29. Rxd3 Bxf4+ 30. Ne3 Bxh2 31. Rc3 Bf4 32. Kc2 Bxe3 33.
Rxe3 Rd8 34. f4 Rd4 35. g3 Kd6 36. e5+ Kd5 37. Kb2 Rd2+ 38. Kc1 Rd4 39. Kb2
1/2-1/2

[Event "XXIII Festival A"]
[Site "Porto San Giorgio ITA"]
[Date "2011.08.26"]
[Round "7"]
[White "Piva, Giorgio"]
[Black "Marsili, Riccardo"]
[Result "1-0"]
[WhiteElo "2204"]
[BlackElo "1962"]
[PlyCount "95"]
[EventDate "2011.08.21"]

1. d4 Nf6 2. Bf4 c5 3. e3 g6 4. c3 cxd4 5. exd4 Bg7 6. Nd2 d6 7. Ngf3 O-O 8.
Bc4 Nbd7 9. O-O Qc7 10. h3 Nb6 11. Bb3 Nbd5 12. Bh2 b5 13. a4 bxa4 14. Bxa4 a5
15. c4 Nb4 16. Qe2 Bf5 17. Ra3 Qb7 18. Re1 Ra7 19. Re3 d5 20. Rxe7 Qxe7 21.
Qxe7 Rxe7 22. Rxe7 dxc4 23. Nxc4 Nfd5 24. Re8 Rxe8 25. Bxe8 Nc2 26. Be5 Bxe5
27. dxe5 Kf8 28. Ba4 Ncb4 29. Nd4 Bd3 30. Nxa5 Ba6 31. Nac6 Nd3 32. b3 Nb6 33.
Bb5 Bxb5 34. Nxb5 Nd7 35. Kf1 N7xe5 36. Nxe5 Nxe5 37. Ke2 Ke7 38. Ke3 Ke6 39.
Ke4 f5+ 40. Kd4 g5 41. Nc3 h5 42. b4 h4 43. Ne2 g4 44. Nf4+ Kd6 45. b5 gxh3 46.
Nxh3 Nd7 47. Nf4 Nf6 48. f3 1-0

[Event "XXIII Festival A"]
[Site "Porto San Giorgio ITA"]
[Date "2011.08.26"]
[Round "7"]
[White "Ragonese, Lucio Rosario"]
[Black "Calandri, Fausto"]
[Result "1/2-1/2"]
[WhiteElo "1969"]
[BlackElo "2118"]
[PlyCount "39"]
[EventDate "2011.08.21"]

1. d4 e6 2. Nf3 Nf6 3. Bg5 b6 4. Nbd2 Bb7 5. e3 Be7 6. Bd3 c5 7. c3 O-O 8. Qa4
h6 9. Bxf6 Bxf6 10. Ne4 Be7 11. O-O d6 12. Rad1 Qc7 13. dxc5 dxc5 14. Ng3 Nc6
15. Qe4 g6 16. Qg4 Bf6 17. Nh5 Bg7 18. Nf4 Ne5 19. Nxe5 Qxe5 20. Bxg6 1/2-1/2